| Поле | Инд. | ПП | Название | Значение |
|---|---|---|---|---|
| Тип записи | a | |||
| Библиографический уровень | s | |||
| 001 | Контрольный номер | RU/IS/BASE/412430062 | ||
| 005 | Дата корректировки | 20251105105147.0 | ||
| 008 | Кодируемые данные | 20130125 | ||
| 022 | 0_ | a | ISSN | 0040-3601 |
| 084 | a | Индекс другой классификации/Индекс ББК | 75.81; 75.7 | |
| 090 | a | Полочн. индекс | Сводное описание журнала | |
| 245 | 10 | a | Заглавие | Теория и практика физической культуры |
| b | Продолж. заглавия | ежемесячный научно-теоретический журнал | ||
| c | Ответственность | учредитель: Научно-издательский центр "Теория и практика физической культуры и спорта"; гл. ред. Л. Лубышева | ||
| 260 | a | Место издания | Москва | |
| b | Издательство | Теория и практика физической культуры | ||
| 310 | a | Периодичность в н.в. | 12 раз в год | |
| 362 | 1_ | a | Даты публикации или номер тома | 2006 - 2023 |
| 500 | a | Примечание | Журнал основан в 1925 году | |
| 520 | 0_ | a | Аннотация | В журнале статьи по проблемам теории и методики физического воспитания и спортивной подготовки, истории, философии и социологии спорта, менеджмента, маркетинга и экономики физической культуры и спорта, спортивной педагогики, психологии, медицины, физиологии, морфологии, биомеханики |
| 540 | a | Правовые условия | Бесплатный доступ с регистрацией | |
| b | Поставщик/Провайдер | eLIBRARY | ||
| 540 | a | Правовые условия | Бесплатный доступ | |
| b | Поставщик/Провайдер | КиберЛенинка | ||
| 540 | b | Поставщик/Провайдер | Библиотека | |
| c | Источник права | печатная подписка | ||
| 650 | 04 | a | Основная рубрика | физическая культура; спорт |
| a | Основная рубрика | туризм; спортивная медицина | ||
| 856 | 40 | a | Имя сервера/домена | Научная электронная библиотека eLIBRARY.RU |
| d | Путь | http://elibrary.ru | ||
| i | Указания/сценарий входа | Доступ после регистрации на компьютерах университета | ||
| u | URL | https://elibrary.ru/contents.asp?id=34420175 | ||
| y | Справочный текст | Электронная версия | ||
| z | Примечание для пользователя | Архив 2006 - 2017 гг. | ||
| 856 | 40 | a | Имя сервера/домена | Научная электронная библиотека КиберЛенинка |
| u | URL | https://cyberleninka.ru/journal/n/teoriya-i-praktika-fizicheskoy-kultury?i=1089448 | ||
| y | Справочный текст | Электронная версия | ||
| z | Примечание для пользователя | Архив 2010 - 2023 гг. | ||
| d | Путь | https://cyberleninka.ru/ | ||
| i | Указания/сценарий входа | Бесплатный доступ | ||
| 900 | a | Имя электронного ресурса | obl_teoria_i_praktika_fizitceskoi_kultury | |
| x | Справочная информация | Обложка | ||
| 901 | t | Тип документа | u | |
| 952 | a | Тип литературы для КСУ ВШ | НЖ |